Jeux vidéo édités par Ubisoft - Statistiques

Statistiques générales
  • Ce quiz a été pris 83 fois
  • Le résultat moyen est 3 sur 13
Answers on the Grid
Answers color-coded by a green-red scale on the quiz's grid according to % correct below.
Assassin's Creed
For Honor
Brawlhalla
Brothers in Arms
Rayman
TrackMania
Chessmaster
Rainbow Six
simcity
Dragon Age
Plants vs. Zombies
Medal of Honor
Dead Space
Asphalt
Alienator
Celtic Legends
League of legends
Legends of Runeterra
Flight Simulator
Sea of Thieves
Grounded
Ori
Minecraft
Avowed
007 Legends
Guitar Hero II
Call of Duty : La Grande Offensive
Minority Report: Everybody Runs
Conflict Zone
Rocky
 
Statistiques - réponses
Réponse % Correct
Assassin's Creed
75%
Rainbow Six
69%
Rayman
56%
For Honor
37%
TrackMania
27%
Asphalt
17%
Brawlhalla
17%
Brothers in Arms
8%
Chessmaster
6%
Conflict Zone
2%
Rocky
2%
Alienator
0%
Celtic Legends
0%
Aucun quiz correspondant
Distribution des résultats
% des personnes avec chaque résultat
Percentile par nombre de réponses
Votre historique - résultats
Vous n’avez pas pris ce quiz